Statistiques concernant Grille de mots mini #4

Cliquez ici pour prendre le quiz!

Statistiques générales

  • Ce quiz a été pris 97 fois
  • Le résultat moyen est 24 sur 25

Statistiques - réponses

Place de la lettreRéponses% Correct
2 AE
99%
2 CE
99%
2 BM
99%
1 CR
99%
2 DU
99%
4 EE
98%
3 EE
98%
1 BO
98%
1 EO
98%
1 AP
98%
5 ES
98%
2 ES
98%
1 DT
98%
4 CA
96%
5 CI
96%
5 AS
96%
3 CV
96%
5 BA
95%
4 AE
95%
3 BE
93%
4 BG
93%
4 DI
93%
3 AL
93%
5 DN
93%
3 DR
92%

Distribution des résultats

Percentile par nombre de réponses

% des personnes avec chaque résultat

Votre développement - résultats

Vous n’avez pas pris ce quiz